Reshaping local worlds : formal education and cultural change in rural Southeast Asia

Αποθηκεύτηκε σε:
Λεπτομέρειες βιβλιογραφικής εγγραφής
Άλλοι συγγραφείς: Keyes, Charles F. (Επιμελητής έκδοσης)
Μορφή: Βιβλίο
Γλώσσα:English
Δημοσίευση: New Haven, Conn. : Yale Center for International and Area Studies, c1991
Σειρά:Monograph series (Yale University. Southeast Asia Studies) ; 36
Θέματα:
Ετικέτες: Προσθήκη ετικέτας
Δεν υπάρχουν, Καταχωρήστε ετικέτα πρώτοι!

MARC

LEADER 00000nam a2200000 i 4500
001 1/30809
008 060606s1991 eng d
020 |a 0-938692-43-7 
035 |l 10084244 
040 |a GR-MY-UA  |b gre  |e aacr 
041 0 |a eng 
082 0 |a 371.2070954  |2 (22) 
245 1 0 |a Reshaping local worlds :  |b formal education and cultural change in rural Southeast Asia /  |c edited by Charles F. Keyes ; with the assistance of E. Jane Keyes and Nancy Donnelly 
260 |a New Haven, Conn. :   |b Yale Center for International and Area Studies,   |c c1991 
300 |a vii, 223 σ.;  |c 23 εκ. 
490 1 |a Monograph/Yale Southeast Asia studies  |v ; 36 
504 |a Περιέχει βιβλιογραφία και ευρετήριο 
650 0 0 |a Educational planning  |z Southeast Asia. 
700 1 |a Keyes, Charles F.  |4 edt 
700 1 |a Keyes, E. Jane.  |4 oth 
700 1 |a Donnelly, Nancy.  |4 oth 
830 0 |a Monograph series (Yale University. Southeast Asia Studies)  |v ; 36 
852 |a INST  |b LESVOS  |e 20060606  |h 371.2070954 RES  |p 005100036057  |q 005100036057  |t BK  |y 0 
901 |a BIBL1-2006-2 
909 |a Λ  |b 128597 
920 |a ΕΠΕΑΕΚ ΚΟΙΝΩΝΙΚΗΣ ΑΝΘΡΩΠΟΛΟΓΙΑΣ ΚΑΙ ΙΣΤΟΡΙΑΣ  |y ΛΕΣΒΟΣ  |z 2006-05 
970 |a ΚΑΡΑ  |b ΓΙΑΣΕΜΗ  |z 2006/06/06